| 000 -LEADER |
| fixed length control field |
01581cam a2200409 a 4500 |
| 001 - CONTROL NUMBER |
| control field |
16045590 |
| 003 - CONTROL NUMBER IDENTIFIER |
| control field |
OSt |
| 005 - DATE AND TIME OF LATEST TRANSACTION |
| control field |
20211227162316.0 |
| 008 - FIXED-LENGTH DATA ELEMENTS--GENERAL INFORMATION |
| fixed length control field |
100108s2010 paub fb 001 0 eng |
| 010 ## - LIBRARY OF CONGRESS CONTROL NUMBER |
| LC control number |
2010000732 |
| 020 ## - INTERNATIONAL STANDARD BOOK NUMBER |
| International Standard Book Number |
9780749457143 |
| 035 ## - SYSTEM CONTROL NUMBER |
| System control number |
(OCoLC)ocn468979766 |
| 038 ## - RECORD CONTENT LICENSOR |
| Staff Name |
khadija |
| 040 ## - CATALOGING SOURCE |
| Original cataloging agency |
DLC |
| Transcribing agency |
DLC |
| Modifying agency |
YDX |
| -- |
BTCTA |
| -- |
YDXCP |
| -- |
UKM |
| -- |
HEBIS |
| -- |
CDX |
| -- |
LML |
| -- |
DLC |
| 042 ## - AUTHENTICATION CODE |
| Authentication code |
pcc |
| 050 00 - LIBRARY OF CONGRESS CALL NUMBER |
| Classification number |
HF5415.7 |
| Item number |
.H36 2010 |
| 082 00 - DEWEY DECIMAL CLASSIFICATION NUMBER |
| Classification number |
658.7 |
| Edition number |
22 |
| Author Mark |
HAN |
| 100 1# - MAIN ENTRY--PERSONAL NAME |
| Personal name |
Rushton, Alan. |
| 9 (RLIN) |
87060 |
| 245 14 - TITLE STATEMENT |
| Title |
The handbook of logistics & distribution management / |
| Statement of responsibility, etc. |
edited by Alan Rushton, Phil Croucher, Peter Baker. |
| 246 3# - VARYING FORM OF TITLE |
| Title proper/short title |
Handbook of logistics and distribution management |
| 250 ## - EDITION STATEMENT |
| Edition statement |
4th ed. |
| 260 ## - PUBLICATION, DISTRIBUTION, ETC. |
| Place of publication, distribution, etc. |
London ; |
| -- |
Philadelphia : |
| Name of publisher, distributor, etc. |
Kogan Page, |
| Date of publication, distribution, etc. |
2010. |
| 300 ## - PHYSICAL DESCRIPTION |
| Extent |
xxvii, 635 p. : |
| Other physical details |
ill., maps ; |
| Dimensions |
24 cm. |
| 500 ## - GENERAL NOTE |
| General note |
"Chartered Institute of Logistics and Transport, UK." |
| 504 ## - BIBLIOGRAPHY, ETC. NOTE |
| Bibliography, etc. note |
Includes bibliographical references (p. [605]-607) and index. |
| 563 ## - BINDING INFORMATION |
| Binding note |
HB |
| 650 #0 - SUBJECT ADDED ENTRY--TOPICAL TERM |
| Topical term or geographic name entry element |
Physical distribution of goods |
| General subdivision |
Management |
| Form subdivision |
Handbooks, manuals, etc. |
| 9 (RLIN) |
87061 |
| 650 07 - SUBJECT ADDED ENTRY--TOPICAL TERM |
| Topical term or geographic name entry element |
Distribution <Physische Distribution> |
| Source of heading or term |
swd |
| 9 (RLIN) |
87051 |
| 650 07 - SUBJECT ADDED ENTRY--TOPICAL TERM |
| Topical term or geographic name entry element |
Logistik. |
| Source of heading or term |
swd |
| 9 (RLIN) |
87062 |
| 700 1# - ADDED ENTRY--PERSONAL NAME |
| Personal name |
Rushton, Alan. |
| 9 (RLIN) |
87060 |
| 700 1# - ADDED ENTRY--PERSONAL NAME |
| Personal name |
Croucher, Phil, |
| Dates associated with a name |
1954- |
| 9 (RLIN) |
87053 |
| 700 1# - ADDED ENTRY--PERSONAL NAME |
| Personal name |
Baker, Peter, |
| Dates associated with a name |
1950- |
| 9 (RLIN) |
87054 |
| 710 2# - ADDED ENTRY--CORPORATE NAME |
| Corporate name or jurisdiction name as entry element |
Chartered Institute of Logistics and Transport in the UK. |
| 9 (RLIN) |
87063 |
| 906 ## - LOCAL DATA ELEMENT F, LDF (RLIN) |
| a |
7 |
| b |
cbc |
| c |
orignew |
| d |
1 |
| e |
ecip |
| f |
20 |
| g |
y-gencatlg |
| 942 ## - ADDED ENTRY ELEMENTS (KOHA) |
| Source of classification or shelving scheme |
|
| Koha item type |
Book |